000
00332nam a22001457a 4500
008
251229b ||||| |||| 00| 0 eng d
020
_a
9789951437714
041
_a
alb
080
_2
070
_8
0001
_a
0001
082
_2
0002
100
_a
24
101
_a
gaz
245
_a
Shkathtësit e Shkrimit
_c
Safet Zejnullahu
942
_2
udc
_c
BK
999
_c
60741
_d
60741